000 00670nam a2200205 i 4500
001 80307
003 ES-MaACL
005 20230906174202.0
007 t|
008 041027s1979 sp ||||1| spa d
100 1 _aHobbes, Thomas.
_963853
245 1 0 _aElementos de Derecho natural y político /
_cThomas Hobbes ; [traducción, prólogo y notas de Dalmacio Negro Pavón].
260 _aMadrid :
_bCentro de Estudios Constitucionales,
_c1979.
300 _a432 p. ;
_c19 cm.
490 1 _aClásicos políticos
700 1 _aNegro Pavón, Dalmacio.
_985316
830 0 _aClásicos políticos
_9180270
852 _aES-MaACL
_jL-2530
_bR.103447
999 _c80307
_d80307